Catalog

Record Details

Catalog Search



Rok v mateřské škole : učebnice pro pedagogické obory středních, vyšších a vysokých škol  Cover Image Book Book

Rok v mateřské škole : učebnice pro pedagogické obory středních, vyšších a vysokých škol / Eva Opravilová, Vladimíra Gebhartová

Record details

  • ISBN: 80-7178-847-3
  • Physical Description: 491 s. : noty ; 23 cm
  • Edition: Vyd. 1.
  • Publisher: Praha : Portál, 2003

Content descriptions

Bibliography, etc. Note:
Obsahuje bibliografie a rejstřík
Subject: předškolní výchova
kurikulum > Česko
curriculum > Czechia
preschool education
Genre: metodické příručky
učebnice
textbooks
teaching manuals

Available copies

  • 1 of 1 copy available at Common Catalog SPOK.

Holds

  • 0 current holds with 1 total copy.
Show Only Available Copies
Location Call Number / Copy Notes Barcode Shelving Location Status Due Date
Jabok Library Ped-3.5.1.2/O 424480014446 Odborná literatura Available -

Electronic resources

Version of Resource: Digitalizovaný dokument


LDR 01796nam a2200481 a 4500
00110994
003CZ-PrJAB
00520190306092354.0
007tu
008030918s2003 xr g e p 000 0 cze
015 . ‡acnb001284281
020 . ‡a80-7178-847-3 ‡q(brož.) : ‡cKč 389,00
035 . ‡a(CZ PrNK)cpk20031284281
035 . ‡a(OCoLC)85075141
040 . ‡aABA001 ‡bcze
043 . ‡ae-xr---
072 7. ‡a37.016 ‡xUčební osnovy. Vyučovací předměty. Učebnice ‡2Konspekt ‡922
072 7. ‡a373.2/.3 ‡xPředškolní a primární výchova a vzdělávání ‡2Konspekt ‡922
080 . ‡a373.2 ‡2MRF
080 . ‡a37.016 ‡2MRF
080 . ‡a(437.3) ‡2MRF
080 . ‡a(072) ‡2MRF
080 . ‡a(075) ‡2MRF
1001 . ‡aOpravilová, Eva, ‡d1933- ‡7jk01091222 ‡4aut
24510. ‡aRok v mateřské škole : ‡bučebnice pro pedagogické obory středních, vyšších a vysokých škol / ‡cEva Opravilová, Vladimíra Gebhartová
250 . ‡aVyd. 1.
260 . ‡aPraha : ‡bPortál, ‡c2003
300 . ‡a491 s. : ‡bnoty ; ‡c23 cm
4901 . ‡aKurikulum předškolní výchovy
504 . ‡aObsahuje bibliografie a rejstřík
65007. ‡apředškolní výchova ‡7ph124887 ‡2czenas
65007. ‡akurikulum ‡7ph115039 ‡zČesko ‡2czenas
65009. ‡acurriculum ‡zCzechia ‡2eczenas
65009. ‡apreschool education ‡2eczenas
655 7. ‡ametodické příručky ‡7fd132826 ‡2czenas
655 7. ‡aučebnice ‡7fd133770 ‡2czenas
655 9. ‡atextbooks ‡2eczenas
655 9. ‡ateaching manuals ‡2eczenas
7001 . ‡aGebhartová, Vladimíra, ‡d1931-2018 ‡7jk01032057 ‡4aut
830 0. ‡aKurikulum předškolní výchovy
85641. ‡uhttp://kramerius4.nkp.cz/search/handle/uuid:354b9530-84f4-11e4-9d8c-005056827e51 ‡yDigitalizovaný dokument
910 . ‡aABG312
995 . ‡aska
901 . ‡a10994 ‡bUnknown ‡c10994 ‡tbiblio

Additional Resources